000 00245nam a2200085Ia 4500
008 220214s9999 xx 000 0 und d
245 0 _aChallenges to rubber in new millennium
260 _b75th Anniversary of RRIM 1925-2000 publication
942 _cRE
999 _c46640
_d46640